000 00625nam a2200229Ia 4500
003 OSt
005 20221007074809.0
006 a|||||r|||| 00| 0
007 ta
008 221006b |||||||| |||| 00| 0 eng d
024 _a10,395
037 _cTextual
040 _aFLL
_cFLL
_beng
041 _2eng
_aeng
082 _aD65:4, K9
100 _aSmith D.D. Au.
_9693176
245 0 _aInternational telecommunication control
260 _aNetherlands
_bA.W. sijhoff printing division U.S.A.
_c1969
300 _a231p
_ccm.
942 _hD65:4, K9
_cTEXL
_2CC
999 _c1153710
_d1153710